书目信息 |
| 题名: |
航空运输概论
|
|
| 作者: | 孙继湖 主编 | |
| 分册: | ||
| 出版信息: | 北京 中国民航出版社 2009 |
|
| 页数: | 268页 | |
| 开本: | 26cm | |
| 丛书名: | ||
| 单 册: | ||
| 中图分类: | F56 | |
| 科图分类: | ||
| 主题词: | 航空运输--技术教育--教材 , 航空运输 | |
| 电子资源: | ||
| ISBN: | 978-7-80110-935-4 | |
| 000 | 00870nam0 2200253 450 | |
| 001 | 012015000723 | |
| 005 | 20150914151038.84 | |
| 010 | @a978-7-80110-935-4@dCNY62.00 | |
| 100 | @a20091211d2009 em y0chiy50 ea | |
| 101 | 0 | @achi |
| 102 | @aCN@b110000 | |
| 105 | @ay z 000yy | |
| 106 | @ar | |
| 200 | 1 | @a航空运输概论@Ahang kong yun shu gai lun@f孙继湖主编 |
| 210 | @a北京@c中国民航出版社@d2009 | |
| 215 | @a268页@d26cm | |
| 300 | @a中国航空运输协会指定培训教材 航空运输代理培训系列/陈燕主编 | |
| 330 | @a本书共分为九章,主要包括现代交通运输概述、航空运输系统概论、航空运输管理体系、航空运输组织与管理、航空公司的经营与战略、世界航空运输的发展现状及趋势等内容。 | |
| 606 | 0 | @a航空运输@x技术教育@j教材 |
| 606 | 0 | @a航空运输 |
| 690 | @aF56@v5 | |
| 701 | 0 | @a孙继湖@Asun ji hu@f(1959~)@4主编 |
| 801 | 0 | @aCN@b碧洲教育@c20150718 |
| 905 | @a10447@f4@dF56@e9 | |
| 航空运输概论/孙继湖主编.-北京:中国民航出版社,2009 |
| 268页;26cm |
| 中国航空运输协会指定培训教材 航空运输代理培训系列/陈燕主编 |
| ISBN 978-7-80110-935-4:CNY62.00 |
| 本书共分为九章,主要包括现代交通运输概述、航空运输系统概论、航空运输管理体系、航空运输组织与管理、航空公司的经营与战略、世界航空运输的发展现状及趋势等内容。 |
| ● |
| 相关链接 |
|
|
|
|
正题名:航空运输概论
索取号:F56/9
 
预约/预借
| 序号 | 登录号 | 条形码 | 馆藏地/架位号 | 状态 | 备注 |
| 1 | 0848297 | 208482970 | 第一样本阅览室/ [索取号:F56/9] | 在馆 | |
| 2 | 0848298 | 208482989 | 第一借阅区/ [索取号:F56/9] | 在馆 | |
| 3 | 0848299 | 208482998 | 第一借阅区/ [索取号:F56/9] | 在馆 | |
| 4 | 0848300 | 208483005 | 第一借阅区/ [索取号:F56/9] | 在馆 |